000 00503nam a2200181Ia 4500
008 151202s9999||||xx |||||||||||||| ||und||
082 _bPNVM-32385
100 _aभावे पु.भा.
245 _aराणी.
260 _bकुलकर्णी ग्रंथागार पुणे.
260 _c0
300 _a241
600 _aभावे पु.भा.
630 _aराणी.
700 _aभावे पु.भा.
730 _aराणी.
942 _cBOOK
999 _c1298346
_d1298343